Guess the composer #2 - Statistics

General Stats
  • This quiz has been taken 11 times
  • The average score is 4 of 10
Answer Stats
Picture Answer % Correct
Ludwig van Beethoven
100%
Giuseppe Verdi
60%
Dieterich Buxtehude
40%
William Byrd
40%
Arthur Honegger
20%
César Cui
20%
Giuseppe Tartini
20%
J.M. Kraus
20%
Leevi Madetoja
20%
Nikolai Medtner
20%
No matching quizzes found
Score Distribution
Percent of People with Each Score
Percentile by Number Answered
Your Score History
You have not taken this quiz